1690 1310 1959 1974 1231 1699 1079 1102 1831 1218 1492 1454 1261 1200 1296 1758 1814 1716 1005 1016 1525 1198 1873 1671 1487 1089 1313 1393 1282 1977 1768 1566 1803 1354 1971 1044 1086 1100 1543 1662 1660 1008 1294 1549 1996 1155 1259 1345 1002 1870 1069 1470 1156 1113 1341 1729 1527 1976 1140 1398 1049 1899 1274 1370 1943 1251 1154 1166 1291 1009 1055 1634 1477 1404 1134 1753 1355 1492 1896 1908 1102 1849 1880 1567 1295 1803 1316 1934 1047 1409 1139 1365 1813 1124 1719 1546 1190 1078 1409 BCNSPRNW ULIB Ver.6.0+V

เปลี่ยนเป็นภาษาไทย

Change to English
 แสดงรายละเอียดบรรณานุกรม
  กลับหน้าหลัก

Brief Record : Get Marc (ISO 2709) : E-mail record : QR code < ปิดหน้าต่าง
LEADER : 00000nam 2200000uu 4500
001    13399115290
003     ULIB
008    120809s2546||||th 000 0 tha d
020    ^a9748016549
060 04 ^aWA671^bพ613อ 2546
100 0  ^aพัฒนา มูลพฤกษ์
245 10 ^aอนามัยสิ่งแวดล้อม =^bEnvironmental health /^cพัฒนามูลพฤกษ์
246 31 ^aEnvironmental health
250    ^aพิมพ์ครั้งที่ 3
260    ^aกรุงเทพฯ :^bสำนักงานกิจการโรงพิมพ์องค์การสงเคราะห์ทหารผ่านศึก,^c2546
300    ^a576 หน้า :^bภาพประกอบ ;^c27 ซม.
650  7 ^aสิ่งแวดล้อม
650  7 ^aอนามัยสิ่งแวดล้อม
945    ^p500^l0^i15010
995    ^aกัณชพร
999    ^aใช้งานได้ทุกระบบ
รายการนี้ยังไม่มีแท็ก
คุณยังไม่ได้ล็อกอิน คุณสามารถมีกิจกรรมร่วมกับเว็บไซต์ได้ แต่ต้องล็อกอินก่อน ::
  ล็อกอิน

รายการสื่อสารสนเทศ

ลำดับที่ ประเภท เลขเรียก/บาร์โค้ด สถานที่ สถานะ
- ไม่พบข้อมูล -

รายการใกล้เคียง
    ผู้แต่ง [พัฒนา มูลพฤกษ์]

    หัวเรื่อง [สิ่งแวดล้อม]
    หัวเรื่อง [อนามัยสิ่งแวดล้อม]

BibComment


ยังไม่เคยถูกคอมเมนท์

คอมเมนท์ทรัพยากรรายการนี้
  คอมเมนท์: อนามัยสิ่งแวดล้อ..


 Copyright 2026. Bcnsprnw @Library